00846cam a22002537a 450000100090000000300050000900500170001400800410003101000170007202000180008904000130010704200100012005000250013008200180015510000260017324500730019926000780027230000210035050000110037154600130038288000900039588000410048588000660052615778326NUST20170613111125.0090617s2009 pk 000 1 urd  a 2009362287 a9789695730621 aDLCcDLC alcode00aMLCSA 2009/01166 (P) a891.4393bABD1 aʻAbdullāh, Nighat.10aKahān̲ ruke hain̲ maḥabbat ke qāfile /cNighat ʻAbdullāh. aLāhore :bJahāngīr Buks :bTaqsīm kunandah, Sailz Ḍipū,c2009 a256 p. ;c22 cm. aNovel. aIn Urdu. aکہاں رکے ہیں محبت کے قافلے6245-02\(3\rcنگہت عبداللہ aنگہت عبداللہ6100-01\(3\r aلاہور:6260-03\(3\rbخزینہ علم و ادب،c2009